Normal view
MARC view
Entry Personal Name
001 - CONTROL NUMBER
- control field: 31813
003 - CONTROL NUMBER IDENTIFIER
- control field: ARRUPE
005 - DATE AND TIME OF LATEST TRANSACTION
- control field: 20170601091201.0
008 - FIXED-LENGTH DATA ELEMENTS
- fixed length control field: 170601|| aca||aabn | a|a d
040 ## - CATALOGING SOURCE
- Original cataloging agency: ARRUPE
- Transcribing agency: ARRUPE
100 ## - HEADING--PERSONAL NAME
- Personal name: Pamela Reynolds
670 ## - SOURCE DATA FOUND
- Source citation: Work cat.: (ARRUPE)10167: Reynolds, Pamela 31812, Traditional healers and childhood in Zimbabwe, 1995